Most Visited U.S. Cities by Europeans - Statistics

General Stats
  • This quiz has been taken 153 times
  • The average score is 13 of 18
Answer Stats
Travel Share % Answer % Correct
36.01 New York
99%
10.83 Los Angeles
98%
10.43 Miami
98%
9.57 San Francisco
96%
4.05 Chicago
94%
4.71 Boston
91%
5.46 Washington, D.C.
91%
9.85 Orlando
89%
2.23 Philadelphia
89%
1.69 Seattle
87%
9.60 Las Vegas
84%
1.91 Atlanta
82%
2.51 San Diego
82%
1.89 Tampa
64%
1.58 New Orleans
62%
2.14 Fort Lauderdale
21%
2.42 Florida Keys
11%
3.08 Northern Arizona
11%
No matching quizzes found
Score Distribution
Percent of People with Each Score
Percentile by Number Answered
Your Score History
You have not taken this quiz